Catálogo
 En Linea

Aritmética razonada / (Registro nro. 16109)

Detalles MARC
000 -CABECERA
campo de control de longitud fija 00683nam a2200217 a 4500
001 - NÚMERO DE CONTROL
campo de control 000016576
003 - IDENTIFICADOR DEL NÚMERO DE CONTROL
campo de control OSt
005 - FECHA Y HORA DE LA ÚLTIMA TRANSACCIÓN
campo de control 20200929164930.0
008 - DATOS DE LONGITUD FIJA--INFORMACIÓN GENERAL
campo de control de longitud fija 100308s1951 dr 000 0 spa d
040 ## - FUENTE DE LA CATALOGACIÓN
Centro catalogador/agencia de origen DO-SdBNP
Lengua de catalogación spa
Centro/agencia transcriptor BNPHU
082 ## - NÚMERO DE LA CLASIFICACIÓN DECIMAL DEWEY
Número de clasificación 513.07
Número de documento/Ítem S118a
100 1# - ENTRADA PRINCIPAL--NOMBRE DE PERSONA
Nombre de persona Sabras Guerrea, Amos
9 (RLIN) 36858
245 10 - MENCIÓN DE TÍTULO
Título Aritmética razonada /
Mención de responsabilidad, etc. Amos Sabras Guerrea.
260 ## - PUBLICACIÓN, DISTRIBUCIÓN, ETC.
Lugar de publicación, distribución, etc. Ciudad Trujillo :,
Fecha de publicación, distribución, etc. 1951.
300 ## - DESCRIPCIÓN FÍSICA
Extensión 180 p. ;
Dimensiones 23 cm.
500 ## - NOTA GENERAL
Nota general Libro publicado para servir de texto a los alumnos de secunda enseñanza
590 ## - NOTA LOCAL (RLIN)
Nota local Inventariado, 2019/VM
650 #4 - PUNTO DE ACCESO ADICIONAL DE MATERIA--TÉRMINO DE MATERIA
Término de materia o nombre geográfico como elemento de entrada Aritmética
Subdivisión general Enseñanza secundaria
9 (RLIN) 36859
910 ## - DATOS DE OPCIÓN DEL USUARIO (OCLC)
Datos de opción del usuario Validado, Control de calidad MFF
942 ## - ELEMENTOS DE PUNTO DE ACCESO ADICIONAL (KOHA)
Fuente del sistema de clasificación o colocación Dewey Decimal Classification
Tipo de ítem Koha Libros y folletos
Existencias
Estado de retiro Estado de pérdida Fuente del sistema de clasificación o colocación No para préstamo Código de colección Localización permanente Ubicación/localización actual Fecha de adquisición Número de inventario Total de préstamos Signatura topográfica completa Código de barras Fecha visto por última vez Precio válido a partir de Tipo de ítem Koha
    Dewey Decimal Classification Excluido de préstamo Patrimonio Dominicano Patrimonio Dominicano Patrimonio Dominicano 08.03.2010 LF1   513.07 S118a 16576-10 25.06.2020 25.06.2020 Libro y Folleto Colección Patrimonio Dominicano

Con tecnología Koha